[Event "Catarinense-ch U20 Girls"]
[Site "Concordia"]
[Date "2013.05.19"]
[Round "5"]
[White "Pederiva, Paola Carolina"]
[Black "De Lima, Hendy Luci Callegar"]
[Result "1-0"]
[WhiteElo "1855"]
[BlackElo "1800"]
[PlyCount "49"]
[EventDate "2013.05.17"]
[EventType "swiss"]
[EventRounds "6"]
[EventCountry "BRA"]
[SourceTitle "EXT 2015"]
[Source "ChessBase"]
[SourceDate "2014.11.20"]
[SourceVersion "1"]
[SourceVersionDate "2014.11.20"]
[SourceQuality "1"]

1. d4 d5 2. Bf4 Nc6 3. e3 Bf5 4. a3 a6 5. c4 e6 6. Nc3 Nf6 7. Qb3 Rb8 8. Bg5 Be7 9. Bxf6 Bxf6 10. cxd5 exd5 11. Qxd5 Qc8 12. Qb3 0-0 13. Nf3 Re8 14. Bc4 Qd7 15. Nd5 Bxd4 16. Rd1 Bc5 17. Nf6+ gxf6 18. Rxd7 Bxd7 19. Bxf7+ Kf8 20. Bxe8 Bxe8 21. 0-0 Rd8 22. Nh4 Bf7 23. Qxb7 Ne5 24. Qxc7 Rd7 25. Qxc5+ 1-0